| 000 | 00332nam a22001217a 4500 | ||
|---|---|---|---|
| 020 | _a9788172336790 | ||
| 082 |
_a551.6977 _bRAO/CL |
||
| 245 | _aClimate change adaptation strategies in agriculture and allied sectors | ||
| 260 |
_aJodhpur _bScientific Publishers _c2011 |
||
| 300 | _a336 | ||
| 700 | _aRao, Prasada GSLHV | ||
| 942 | _cBK | ||
| 999 |
_c13720 _d13720 |
||